[Event "NOR-chT Club"]
[Site "Kristiansund"]
[Date "2017.10.20"]
[Round "1.12"]
[White "Hoem, Sverre"]
[Black "Kvisvik, Brede Alexander"]
[Result "0-1"]
[WhiteElo "1303"]
[BlackElo "2296"]
[PlyCount "60"]
[EventDate "2017.10.20"]
[EventType "team-tourn"]
[EventRounds "6"]
[EventCountry "NOR"]
[SourceTitle "CBM 181 Extra"]
[Source "ChessBase"]
[SourceDate "2017.12.12"]
[SourceVersion "1"]
[SourceVersionDate "2017.12.12"]
[SourceQuality "1"]
[WhiteTeam "Kristiansund Hoem"]
[BlackTeam "Valerenga"]
[WhiteTeamCountry "NOR"]
[BlackTeamCountry "NOR"]

1. e4 c5 2. d4 cxd4 3. c3 d3 4. Bxd3 Nc6 5. Nf3 g6 6. 0-0 Bg7 7. Nbd2 Nf6 8. Nb3 0-0 9. Bf4 d5 10. Re1 dxe4 11. Bxe4 Nxe4 12. Rxe4 Bf5 13. Re1 Bg4 14. Qxd8 Rfxd8 15. Nfd2 e5 16. h3 Be6 17. Be3 b6 18. Rac1 f5 19. f4 e4 20. Rc2 Rac8 21. Rec1 Rd3 22. Kf2 Bf6 23. g3 h6 24. a3 Kf7 25. c4 Rcd8 26. Rd1 Rxb3 27. Ke2 Rbd3 28. Rdc1 Bd4 29. Nf1 Bxe3 30. Nxe3 Nd4+ 0-1

[Event "Oslo op"]
[Site "Fornebu"]
[Date "2017.10.04"]
[Round "7"]
[White "Bentsen, Hakon"]
[Black "Kvisvik, Brede Alexander"]
[Result "0-1"]
[WhiteElo "2071"]
[BlackElo "2296"]
[PlyCount "78"]
[EventDate "2017.09.29"]
[EventType "swiss"]
[EventRounds "10"]
[EventCountry "NOR"]
[SourceTitle "CBM 181 Extra"]
[Source "ChessBase"]
[SourceDate "2017.12.12"]
[SourceVersion "1"]
[SourceVersionDate "2017.12.12"]
[SourceQuality "1"]

1. e4 e6 2. d4 d5 3. Nd2 c5 4. exd5 Qxd5 5. Ngf3 cxd4 6. Bc4 Qd6 7. 0-0 Nf6 8. Nb3 Nc6 9. Nbxd4 Nxd4 10. Qxd4 Qxd4 11. Nxd4 Bc5 12. Bb5+ Bd7 13. Bxd7+ Nxd7 14. Be3 0-0-0 15. Rfd1 Nf6 16. Nf5 Bxe3 17. Nxe3 Rxd1+ 18. Rxd1 Rd8 19. Rxd8+ Kxd8 20. f3 Kc7 21. Kf2 Kc6 22. Ke2 Kc5 23. Kd3 b5 24. a3 a5 25. Kc3 Nd5+ 26. Nxd5 Kxd5 27. b4 a4 28. Kd3 e5 29. g4 f6 30. c4+ bxc4+ 31. Kc3 g6 32. b5 Kc5 33. b6 Kxb6 34. Kxc4 Kc6 35. h4 h5 36. Kb4 f5 37. gxf5 gxf5 38. Kxa4 e4 39. fxe4 f4 0-1

[Event "Bilbao op 9th"]
[Site "Bilbao"]
[Date "2016.07.20"]
[Round "7"]
[White "Kvisvik, Brede Alexander"]
[Black "Prieto Aranguren, Alain"]
[Result "1-0"]
[WhiteElo "2313"]
[BlackElo "2211"]
[PlyCount "57"]
[EventDate "2016.07.13"]
[EventType "swiss"]
[EventRounds "10"]
[EventCountry "ESP"]
[SourceTitle "CBM 173 Extra"]
[Source "ChessBase"]
[SourceDate "2016.08.29"]
[SourceVersion "1"]
[SourceVersionDate "2016.08.29"]
[SourceQuality "1"]

1. d4 Nf6 2. c4 e6 3. g3 c5 4. Nf3 cxd4 5. Nxd4 d5 6. Bg2 e5 7. Nf3 d4 8. 0-0 Nc6 9. e3 Be7 10. exd4 exd4 11. Bf4 0-0 12. Ne5 Qb6 13. Re1 Be6 14. Nd2 Nxe5 15. Rxe5 a6 16. Qb3 Qa7 17. Qxb7 Ng4 18. Rxe6 fxe6 19. Qc6 e5 20. Qe6+ Rf7 21. Bd5 Raf8 22. Qxg4 exf4 23. Qxf4 Bf6 24. Ne4 Kh8 25. Bxf7 Rxf7 26. Rd1 Bd8 27. Qe5 Qe7 28. Qxe7 Rxe7 29. Rxd4 1-0

[Event "Vaxjo Visma IM-A"]
[Site "Vaxjo"]
[Date "2016.07.02"]
[Round "7"]
[White "Golubka, Petr"]
[Black "Kvisvik, Brede Alexander"]
[Result "1-0"]
[WhiteElo "2386"]
[BlackElo "2287"]
[PlyCount "85"]
[EventDate "2016.06.29"]
[EventType "tourn"]
[EventRounds "9"]
[EventCountry "SWE"]
[EventCategory "4"]
[SourceTitle "EXT 2017"]
[Source "ChessBase"]
[SourceDate "2016.10.25"]
[SourceVersion "1"]
[SourceVersionDate "2016.10.25"]
[SourceQuality "1"]

1. e4 e6 2. d4 d5 3. Nc3 Bb4 4. Nge2 Nc6 5. a3 Ba5 6. b4 Bb6 7. Be3 dxe4 8. Nxe4 Nf6 9. Nxf6+ Qxf6 10. c4 a6 11. c5 Ba7 12. g3 0-0 13. Bg2 Ne7 14. 0-0 Nd5 15. Qb3 c6 16. Nc3 Bb8 17. Ne4 Qe7 18. f4 Bd7 19. Bf2 Bc7 20. Rae1 Rfe8 21. Ng5 h6 22. Nf3 a5 23. Ne5 axb4 24. axb4 Ra7 25. Bxd5 cxd5 26. Nxd7 Qxd7 27. Ra1 Rea8 28. Rxa7 Rxa7 29. b5 Bd8 30. Rc1 Qc8 31. Kg2 g6 32. Rc3 Kg7 33. h3 h5 34. g4 hxg4 35. hxg4 e5 36. f5 exd4 37. Bxd4+ Bf6 38. Bxf6+ Kxf6 39. Qxd5 Ra4 40. g5+ Kxg5 41. fxg6+ Kxg6 42. Rg3+ Rg4 43. Qe4+ 1-0

[Event "Vaxjo Visma IM-A"]
[Site "Vaxjo"]
[Date "2016.06.30"]
[Round "2"]
[White "Kvisvik, Brede Alexander"]
[Black "Fries Nielsen, Jens Ove"]
[Result "1/2-1/2"]
[WhiteElo "2287"]
[BlackElo "2364"]
[PlyCount "111"]
[EventDate "2016.06.29"]
[EventType "tourn"]
[EventRounds "9"]
[EventCountry "SWE"]
[EventCategory "4"]
[SourceTitle "EXT 2017"]
[Source "ChessBase"]
[SourceDate "2016.10.25"]
[SourceVersion "1"]
[SourceVersionDate "2016.10.25"]
[SourceQuality "1"]

1. d4 e6 2. c4 Bb4+ 3. Nd2 d5 4. Ngf3 Nc6 5. a3 Be7 6. g3 Bf6 7. e3 a5 8. b3 Nge7 9. Bb2 Nf5 10. Bg2 0-0 11. 0-0 b6 12. Rc1 Bb7 13. cxd5 exd5 14. Qc2 Nfe7 15. Ne5 Qc8 16. Nxc6 Bxc6 17. a4 Ra7 18. e4 dxe4 19. Nxe4 Bxe4 20. Bxe4 h6 21. Rfd1 Rd8 22. Ba3 Nd5 23. Bh7+ Kh8 24. Bf5 Qa8 25. Be4 Qc8 26. Qc6 Nb4 27. Bxb4 axb4 28. d5 Qb8 29. Bd3 Bc3 30. Qc4 Re8 31. Qf4 Kg8 32. Qf5 g6 33. Qf4 Kg7 34. Bb5 Rd8 35. Rd3 Rd6 36. Bc6 Qd8 37. Rcd1 Ra5 38. Qc4 Rc5 39. Qe4 Rf6 40. Bb5 Qd6 41. Bc4 Rf5 42. f4 h5 43. Kg2 Rf6 44. Rf1 Qd7 45. Rff3 Ra5 46. Rfe3 Ra8 47. Bb5 Qd6 48. Bc6 Rd8 49. Qc4 h4 50. Re4 hxg3 51. hxg3 Rh8 52. Rxc3 bxc3 53. Qxc3 Rh5 54. g4 Rxd5 55. Bxd5 Qxd5 56. Qd4 1/2-1/2

[Event "Oslo Sveins op 9th"]
[Site "Oslo"]
[Date "2016.06.24"]
[Round "3"]
[White "Hoi, Carsten"]
[Black "Kvisvik, Brede Alexander"]
[Result "1/2-1/2"]
[WhiteElo "2394"]
[BlackElo "2287"]
[PlyCount "81"]
[EventDate "2016.06.24"]
[EventType "swiss"]
[EventRounds "9"]
[EventCountry "NOR"]
[SourceTitle "CBM 173 Extra"]
[Source "ChessBase"]
[SourceDate "2016.08.29"]
[SourceVersion "1"]
[SourceVersionDate "2016.08.29"]
[SourceQuality "1"]

1. d4 d5 2. c4 dxc4 3. Nf3 a6 4. e3 b5 5. a4 Bb7 6. b3 e6 7. bxc4 bxc4 8. Bxc4 Nf6 9. Nbd2 Nbd7 10. 0-0 Be7 11. Qb3 Rb8 12. Qd3 a5 13. e4 0-0 14. Re1 Bb4 15. Ba3 c5 16. Bxb4 cxb4 17. Nb3 Rc8 18. Rac1 h6 19. Nfd2 Ra8 20. Bb5 Ra7 21. f3 Nb6 22. Rc2 Bc8 23. Nc5 Nfd7 24. Qe3 Nb8 25. Ndb3 Bd7 26. Nxd7 N8xd7 27. Rec1 Qb8 28. g3 Rd8 29. Rc6 Nc8 30. Kf2 Ne7 31. R6c2 Qb6 32. Ke2 Rb8 33. Rc4 Rbb7 34. Qd3 Qd8 35. Bxd7 Rxd7 36. Rc5 Rdb7 37. Rb5 Rxb5 38. Qxb5 Kh7 39. Qc4 Ra8 40. Qb5 Nc8 41. Qb7 1/2-1/2

[Event "Oslo Sveins op 9th"]
[Site "Oslo"]
[Date "2016.06.24"]
[Round "5"]
[White "Kvisvik, Brede Alexander"]
[Black "Djurhuus, Rune"]
[Result "1/2-1/2"]
[WhiteElo "2287"]
[BlackElo "2419"]
[PlyCount "160"]
[EventDate "2016.06.24"]
[EventType "swiss"]
[EventRounds "9"]
[EventCountry "NOR"]
[SourceTitle "CBM 173 Extra"]
[Source "ChessBase"]
[SourceDate "2016.08.29"]
[SourceVersion "1"]
[SourceVersionDate "2016.08.29"]
[SourceQuality "1"]

1. Nf3 c5 2. c4 Nf6 3. d4 cxd4 4. Nxd4 e5 5. Nb5 d5 6. cxd5 Bc5 7. N5c3 0-0 8. g3 Qb6 9. e3 Rd8 10. Bg2 Bg4 11. Qa4 Na6 12. a3 Be7 13. b4 e4 14. 0-0 Nc7 15. Nd2 Ncxd5 16. Ncxe4 Nxe4 17. Nxe4 a5 18. bxa5 Rxa5 19. Qd4 Qg6 20. Qb2 Bf5 21. Bd2 Rxa3 22. Rxa3 Bxa3 23. Qxa3 Bxe4 24. f3 Bd3 25. Rc1 h6 26. e4 Qb6+ 27. Qc5 Rc8 28. Qxb6 Rxc1+ 29. Bxc1 Nxb6 30. Bf1 Bxf1 31. Kxf1 h5 32. Ke2 Kf8 33. Kd3 Ke7 34. Be3 Nd7 35. Bd4 g6 36. h3 Kd6 37. f4 Nc5+ 38. Ke3 b5 39. g4 hxg4 40. hxg4 b4 41. g5 Ne6 42. Bf6 b3 43. Be5+ Kc6 44. Kd3 Nc5+ 45. Ke3 Kb5 46. f5 Kc4 47. Bf6 Kb4 48. Bd4 Kc4 49. Bf6 Nd3 50. Kd2 Nf2 51. fxg6 fxg6 52. e5 Ne4+ 53. Kc1 Nc5 54. Kb2 Ne6 55. Be7 Nf4 56. Bf6 Kb4 57. Be7+ Ka4 58. Kb1 Kb5 59. Kb2 Kc4 60. Bf6 Nd3+ 61. Ka3 b2 62. Ka2 Kd5 63. Kb1 Ke6 64. Kc2 Kf5 65. Kb1 Nxe5 66. Kxb2 Nf3 67. Kc3 Nxg5 68. Be7 Ne4+ 69. Kd3 Nf6 70. Ke2 g5 71. Bxf6 Kxf6 72. Kf3 Kf5 73. Kg3 g4 74. Kg2 Kf4 75. Kf2 g3+ 76. Kg1 Kg4 77. Kg2 Kh4 78. Kg1 Kh3 79. Kh1 g2+ 80. Kg1 Kg3 1/2-1/2

[Event "NOR-chT 1516"]
[Site "Norway"]
[Date "2015.10.30"]
[Round "4.5"]
[White "Kvisvik, Brede Alexander"]
[Black "Pettersen, Joar Gullestad"]
[Result "1-0"]
[WhiteElo "2318"]
[BlackElo "2012"]
[PlyCount "48"]
[EventDate "2015.10.30"]
[EventType "team-tourn"]
[EventRounds "9"]
[EventCountry "NOR"]
[SourceTitle "EXT 2017"]
[Source "ChessBase"]
[SourceDate "2016.10.25"]
[SourceVersion "1"]
[SourceVersionDate "2016.10.25"]
[SourceQuality "1"]
[WhiteTeam "Valerenga"]
[BlackTeam "Stavanger"]
[WhiteTeamCountry "NOR"]
[BlackTeamCountry "NOR"]

1. d4 e6 2. c4 f5 3. g3 Nf6 4. Bg2 c6 5. Nh3 d6 6. 0-0 Be7 7. Nc3 0-0 8. d5 e5 9. dxc6 bxc6 10. b4 Be6 11. b5 Bxc4 12. bxc6 d5 13. c7 Qxc7 14. Nxd5 Bxd5 15. Bxd5+ Nxd5 16. Qxd5+ Kh8 17. Ng5 Bxg5 18. Qxa8 Bf6 19. Rb1 Rd8 20. Rb7 Qd6 21. Ba3 Qd5 22. Qxb8 Rxb8 23. Rxb8+ Bd8 24. Be7 h6 1-0

[Event "EU-Cup 31st"]
[Site "Skopje"]
[Date "2015.10.23"]
[Round "6.5"]
[White "Kvisvik, Brede Alexander"]
[Black "Kaganskiy, Gleb"]
[Result "1-0"]
[WhiteElo "2318"]
[BlackElo "2229"]
[PlyCount "45"]
[EventDate "2015.10.18"]
[EventType "team-swiss"]
[EventRounds "7"]
[EventCountry "MKD"]
[SourceTitle "CBM 169"]
[Source "ChessBase"]
[SourceDate "2015.11.10"]
[SourceVersion "1"]
[SourceVersionDate "2015.11.10"]
[SourceQuality "1"]
[WhiteTeam "Vaalerenga"]
[BlackTeam "Rishon Le Zion"]
[WhiteTeamCountry "NOR"]
[BlackTeamCountry "ISR"]

1. Nf3 d5 2. c4 e6 3. g3 c6 4. Bg2 dxc4 5. Na3 Bxa3 6. bxa3 Ne7 7. 0-0 b5 8. Bb2 0-0 9. Qc2 f6 10. a4 a6 11. axb5 axb5 12. a4 e5 13. axb5 Rxa1 14. Qxc4+ Kh8 15. Rxa1 Qb6 16. Ba3 cxb5 17. Qc5 Qxc5 18. Bxc5 Re8 19. Bxe7 Rxe7 20. Ra8 Rb7 21. Nxe5 Rb6 22. Nc6 b4 23. Nxb8 1-0

[Event "Politiken Cup 37th"]
[Site "Helsingor"]
[Date "2015.08.01"]
[Round "9"]
[White "Kvisvik, Brede Alexander"]
[Black "Merkesvik, Sondre"]
[Result "1/2-1/2"]
[WhiteElo "2304"]
[BlackElo "2130"]
[PlyCount "132"]
[EventDate "2015.07.25"]
[EventType "swiss"]
[EventRounds "10"]
[EventCountry "DEN"]
[SourceTitle "CBM 167 Extra"]
[Source "ChessBase"]
[SourceDate "2015.09.14"]
[SourceVersion "1"]
[SourceVersionDate "2015.09.14"]
[SourceQuality "1"]

1. d4 Nf6 2. Nf3 g6 3. c4 Bg7 4. e3 0-0 5. Be2 d5 6. cxd5 Nxd5 7. e4 Nb6 8. 0-0 Bg4 9. Nbd2 e5 10. Nxe5 Bxe2 11. Qxe2 Qxd4 12. Ndf3 Qd6 13. Bf4 Qe7 14. Rac1 c6 15. Rfd1 Re8 16. Qe3 N8d7 17. Bg5 Qe6 18. Nxd7 Nxd7 19. Bh6 Nf6 20. Bxg7 Kxg7 21. e5 Ng4 22. Qc3 Nxe5 23. Re1 f6 24. Nxe5 fxe5 25. f4 Rad8 26. Rxe5 Qf6 27. Rce1 Rxe5 28. fxe5 Qe6 29. h3 Rd7 30. Kh1 h6 31. a4 h5 32. Rf1 Re7 33. Re1 Rd7 34. a5 b6 35. b4 Kh7 36. Qe3 bxa5 37. bxa5 Kg7 38. a6 Rf7 39. Qc5 Rd7 40. Rb1 Qa2 41. Rb8 Rf7 42. Qd4 c5 43. Qc3 Qe6 44. Rb7 c4 45. Qd4 Kh6 46. Qe3+ g5 47. Kg1 Rf5 48. Qxa7 Qxe5 49. Re7 Qc5+ 50. Qxc5 Rxc5 51. a7 Ra5 52. Kf2 c3 53. Re6+ Kg7 54. Re5 Rxa7 55. Rxg5+ Kh6 56. Rc5 Ra2+ 57. Kf3 c2 58. g3 Kg6 59. h4 Kf6 60. Rc8 Ra3+ 61. Kf2 Ra2 62. Rc6+ Kf5 63. Kf3 Ra3+ 64. Kf2 Ra2 65. Kf3 Ra3+ 66. Kf2 Ra2 1/2-1/2

[Event "Politiken Cup 37th"]
[Site "Helsingor"]
[Date "2015.07.28"]
[Round "5"]
[White "Kvisvik, Brede Alexander"]
[Black "Adan Bermudez, Sergio"]
[Result "1/2-1/2"]
[WhiteElo "2304"]
[BlackElo "2402"]
[PlyCount "80"]
[EventDate "2015.07.25"]
[EventType "swiss"]
[EventRounds "10"]
[EventCountry "DEN"]
[SourceTitle "CBM 167 Extra"]
[Source "ChessBase"]
[SourceDate "2015.09.14"]
[SourceVersion "1"]
[SourceVersionDate "2015.09.14"]
[SourceQuality "1"]

1. d4 d6 2. e4 Nf6 3. Nc3 e5 4. Nf3 exd4 5. Nxd4 Be7 6. Bf4 0-0 7. Be2 Nbd7 8. Qd2 Ne5 9. f3 c5 10. Ndb5 a6 11. Bxe5 dxe5 12. Qxd8 Bxd8 13. Nd6 Ba5 14. a4 Rb8 15. Nc4 Bxc3+ 16. bxc3 Re8 17. Nd6 Rd8 18. Nc4 Re8 19. Nd6 Re7 20. Rb1 Rc7 21. Bxa6 Rc6 22. Nxc8 Rcxc8 23. Bc4 Ne8 24. Ke2 Nd6 25. Bd5 b5 26. a5 Rc7 27. c4 b4 28. Rb3 Ra7 29. Ra1 Kf8 30. c3 Ke7 31. Kd3 Ne8 32. cxb4 cxb4 33. a6 Nc7 34. Bb7 Nxa6 35. Bxa6 Rb6 36. c5 Rbxa6 37. Rxa6 Rxa6 38. Rb2 Kd7 39. Kc4 Kc6 40. Kxb4 Ra1 1/2-1/2

[Event "Politiken Cup 37th"]
[Site "Helsingor"]
[Date "2015.07.27"]
[Round "4"]
[White "Kunin, Vitaly L"]
[Black "Kvisvik, Brede Alexander"]
[Result "0-1"]
[WhiteElo "2576"]
[BlackElo "2304"]
[PlyCount "200"]
[EventDate "2015.07.25"]
[EventType "swiss"]
[EventRounds "10"]
[EventCountry "DEN"]
[SourceTitle "CBM 167 Extra"]
[Source "ChessBase"]
[SourceDate "2015.09.14"]
[SourceVersion "1"]
[SourceVersionDate "2015.09.14"]
[SourceQuality "1"]

1. d4 d5 2. Nf3 Nf6 3. e3 e6 4. Bd3 c5 5. b3 Nc6 6. Bb2 Qc7 7. a3 Bd6 8. dxc5 Bxc5 9. c4 dxc4 10. Bxc4 0-0 11. 0-0 a6 12. b4 Bd6 13. Nbd2 e5 14. Qb1 Qe7 15. Ng5 Bc7 16. f4 h6 17. Nge4 Ng4 18. f5 Bb6 19. f6 Bxe3+ 20. Kh1 gxf6 21. Be2 f5 22. Bxg4 fxe4 23. Nc4 Bd4 24. Bxc8 Raxc8 25. Qxe4 Qe6 26. Bxd4 exd4 27. Qd3 Nxb4 28. Qg3+ Qg6 29. Qb3 Nc2 30. Ra2 Rxc4 31. Qxc4 Ne3 32. Qxd4 Nxf1 33. Ra1 Nxh2 34. Kxh2 Qh5+ 35. Kg1 Rc8 36. Qd7 Qc5+ 37. Kh1 Qh5+ 38. Kg1 Rc4 39. Qd8+ Kg7 40. Rf1 Qc5+ 41. Kh1 Rf4 42. Rxf4 Qc1+ 43. Rf1 Qxf1+ 44. Kh2 Qf4+ 45. Kh1 b5 46. Qa5 Qf1+ 47. Kh2 Qf6 48. Kh1 Kh7 49. Kh2 Kg6 50. Kh1 Qh4+ 51. Kg1 Qd4+ 52. Kh1 Qd1+ 53. Kh2 Qd6+ 54. Kh1 f6 55. Qc3 h5 56. Qc2+ Kg7 57. Qc3 Qe5 58. Qa5 h4 59. Qxa6 Qe1+ 60. Kh2 Qg3+ 61. Kh1 h3 62. gxh3 Qxh3+ 63. Kg1 Qe3+ 64. Kf1 Qd3+ 65. Kf2 Qf5+ 66. Kg1 Qc5+ 67. Kg2 Kg6 68. Qa8 Kg5 69. Kf3 Qc4 70. Qa7 Qd3+ 71. Kf2 f5 72. Qe7+ Kf4 73. Qc7+ Ke4 74. Qe7+ Kd5 75. Qf7+ Kd4 76. Qa7+ Kc4 77. Qc7+ Kb3 78. Qa5 Qd4+ 79. Kf1 Qa4 80. Qd8 Qc4+ 81. Ke1 Kxa3 82. Kd2 b4 83. Ke3 f4+ 84. Kf3 b3 85. Qa5+ Kb2 86. Qd2+ Kb1 87. Qe1+ Qc1 88. Qe4+ Ka2 89. Qa4+ Kb2 90. Ke2 Qe3+ 91. Kf1 Qd3+ 92. Kf2 f3 93. Kg3 Kb1 94. Qb4 Qe3 95. Qb5 Kc2 96. Qc4+ Kd2 97. Qb4+ Ke2 98. Qb5+ Ke1 99. Qf5 f2+ 100. Kg2 Qh3+ 0-1

[Event "Vaxjo Visma IM-A"]
[Site "Vaxjo"]
[Date "2015.06.26"]
[Round "5"]
[White "Kvisvik, Brede Alexander"]
[Black "Rydstrom, Tom"]
[Result "1/2-1/2"]
[WhiteElo "2293"]
[BlackElo "2279"]
[PlyCount "81"]
[EventDate "2015.06.24"]
[EventType "tourn"]
[EventRounds "9"]
[EventCountry "SWE"]
[EventCategory "4"]
[SourceTitle "CBM 167 Extra"]
[Source "ChessBase"]
[SourceDate "2015.09.14"]
[SourceVersion "1"]
[SourceVersionDate "2015.09.14"]
[SourceQuality "1"]

1. Nf3 d5 2. c4 e6 3. g3 dxc4 4. Qa4+ Bd7 5. Qxc4 b5 6. Qc2 c5 7. Ne5 Nc6 8. Nxd7 Qxd7 9. Bg2 Nf6 10. 0-0 Be7 11. a4 b4 12. d3 Rc8 13. Nd2 0-0 14. Nc4 Nd5 15. e3 Nb6 16. Rd1 Rfd8 17. b3 Nxc4 18. bxc4 Bf6 19. Bb2 Bxb2 20. Qxb2 Qe7 21. a5 Qf6 22. Qa2 Rd6 23. Rac1 Qd8 24. Qa4 Nxa5 25. Ra1 Nc6 26. d4 Qc7 27. dxc5 Rxd1+ 28. Rxd1 g6 29. Bxc6 Qxc6 30. Qxb4 h5 31. h4 Qxc5 32. Rd8+ Kh7 33. Qxc5 Rxc5 34. Rd7 Kg7 35. Rxa7 Rxc4 36. Kg2 Kf6 37. Kf3 Rb4 38. Rc7 Ra4 39. Rd7 Rb4 40. Rc7 Ra4 41. Rd7 1/2-1/2

[Event "Las Palmas Montalvo Memorial 8th"]
[Site "Las Palmas"]
[Date "2015.04.02"]
[Round "4"]
[White "Kvisvik, Brede Alexander"]
[Black "Ramirez Medina, Victor"]
[Result "1-0"]
[WhiteElo "2273"]
[BlackElo "2104"]
[PlyCount "73"]
[EventDate "2015.03.30"]
[EventType "swiss"]
[EventRounds "9"]
[EventCountry "ESP"]
[SourceTitle "EXT 2016"]
[Source "ChessBase"]
[SourceDate "2015.10.08"]
[SourceVersion "1"]
[SourceVersionDate "2015.10.08"]
[SourceQuality "1"]

1. e4 c5 2. Nf3 d6 3. d4 cxd4 4. Qxd4 a6 5. h3 Nc6 6. Qe3 Nf6 7. c4 g6 8. Nc3 Bg7 9. Be2 0-0 10. 0-0 Be6 11. Rb1 Rc8 12. b3 Nd7 13. Bb2 Qa5 14. Rfd1 Rfe8 15. Bf1 Nde5 16. Ne1 f5 17. exf5 Bxf5 18. Rbc1 Rf8 19. Na4 Rcd8 20. Bc3 Qc7 21. Nb6 h6 22. Nd5 Qd7 23. c5 g5 24. Nd3 Qe6 25. Nxe5 Nxe5 26. cxd6 exd6 27. f4 gxf4 28. Nxf4 Qe8 29. Qg3 Kh8 30. Bc4 Rd7 31. Bd5 Kh7 32. Rf1 Bf6 33. Rce1 Rg7 34. Qe3 Re7 35. Be4 Bg6 36. Nxg6 Nxg6 37. Rxf6 1-0